[Event "GER-ch Youth U18 2020"]
[Site "Willingen"]
[Date "2020.10.23"]
[Round "5.5"]
[White "Burian, Simon"]
[Black "Roseneck, Jonas"]
[Result "0-1"]
[WhiteElo "2113"]
[BlackElo "2417"]
[Annotator "TA"]
[PlyCount "38"]
[EventDate "2020.10.20"]
[EventType "swiss"]
[EventRounds "7"]
[EventCountry "GER"]
[SourceTitle "playchess.com"]
[Source "ChessBase"]
[SourceQuality "1"]

{[%evp 18,38,36,29,37,48,52,60,57,0,0,-50,-39,-47,-47,-2441,-2485,-29993,-29993,-29993,-29994,-29995,-29996]} 1. e4 c5 2. Nf3 d6 3. d4 cxd4 4. Nxd4 Nf6 5. f3 e5 6. Nb3 d5 7. Bg5 Be6 8. Bxf6 gxf6 9. exd5 Bxd5 10. Nc3 Bb4 {B55: Sicilian: 2...d6 3 d4 cxd4 4 Nxd4 Nf6 5 f3.} 11. Qd2 {0-0-0 is the strong threat.} Nc6 12. O-O-O Bxb3 $1 {[#] White is slightly better.} 13. Qh6 $146 ({White should try} 13. axb3 $14 Qxd2+ 14. Rxd2) ({Predecessor:} 13. Qxd8+ Rxd8 14. Rxd8+ Nxd8 15. axb3 Bxc3 16. bxc3 h5 17. g3 Ne6 18. Bd3 Ke7 19. Kd2 {½-½ (63) Baskin,R (2364)-Felgendreher,H (2213) Germany 2018}) 13... Qa5 $11 14. Qxf6 {[#]} (14. axb3 {feels hotter.} Bxc3 15. bxc3 Qxc3 16. Qxf6 Qa1+ 17. Kd2) 14... Bxc3 $1 {[%mdl 512]} 15. Qxh8+ (15. bxc3 Qa3+) 15... Ke7 16. Rd7+ $2 {[%mdl 8192]} (16. Qxh7 $15 Bxb2+ 17. Kxb2 Qxa2+ 18. Kc3) 16... Kxd7 $19 17. Qxa8 {[#]} Bxb2+ $1 {[%mdl 512] Black mates.} 18. Kd1 (18. Kxb2 Qxa2+) 18... Qd5+ 19. Bd3 Qxd3+ {[%mdl 64] Double Attack. White did not feel at home in the position after the opening.} 0-1

[Event "GER-ch Youth U18 2020"]
[Site "Willingen"]
[Date "2020.10.23"]
[Round "5.6"]
[White "Pahl, Theis"]
[Black "Stelmaszyk, Nico"]
[Result "0-1"]
[WhiteElo "2056"]
[BlackElo "2301"]
[Annotator "TA"]
[PlyCount "42"]
[EventDate "2020.10.20"]
[EventType "swiss"]
[EventRounds "7"]
[EventCountry "GER"]
[SourceTitle "playchess.com"]
[Source "ChessBase"]
[SourceQuality "1"]

{[%evp 11,42,18,10,10,38,4,12,9,16,14,16,9,15,16,12,0,32,0,0,-6,-32,-17,0,0,42,0,0,0,0,-53,-45,-46,-71]} 1. e4 e5 2. Nc3 Nf6 3. g3 Nc6 4. Bg2 Bc5 5. d3 d6 6. Na4 Bg4 {is the legacy move (6...Bb6).} 7. f3 {C26: Vienna Game: 2...Nf6, sidelines .} Be6 8. Nxc5 (8. Ne2 {feels hotter.} Bb6 9. f4 Ba5+ 10. c3 b5 11. b4) 8... dxc5 9. Be3 {The position is equal.} b6 10. Ne2 Qd7 {[#]} 11. b3 $146 ({Predecessor:} 11. f4 Bh3 12. O-O Bxg2 13. Kxg2 Ng4 14. Bd2 h5 15. Nc3 O-O-O 16. h3 Nh6 17. fxe5 Nxe5 {1-0 (59) Watson,W (2498)-Piper,M (2362) Daventry 2013}) 11... Bh3 12. Bxh3 Qxh3 13. Qd2 Nd4 14. Ng1 {Threatens to win with Bxd4.} (14. Bxd4 $5 exd4 15. Kf2 $11) 14... Qe6 $36 {[%mdl 2048] Black fights for an advantage.} 15. c3 Nc6 16. Ne2 Qh3 17. O-O-O O-O 18. g4 {And now Ng1 would win.} Qxf3 19. Rdf1 Qh3 $1 ({Don't blunder} 19... Qxg4 $2 {[#]} 20. Rxf6 $1 {[%mdl 512]} gxf6 21. Rg1 $1 $18 {[%mdl 512]}) 20. Rfg1 {[#]} (20. Rxf6 $1 $11 gxf6 21. Ng3) 20... Nxe4 $1 $15 {[%mdl 512]} 21. dxe4 {Hoping for Rg3.} Rad8 {Av CentiPawn Loss W=-11/B=-6. Weighted=-13/-8} 0-1

[Event "GER-ch Youth U18 2020"]
[Site "Willingen"]
[Date "2020.10.23"]
[Round "5.7"]
[White "Knüdel, Torben"]
[Black "Huber, Benedikt"]
[Result "1/2-1/2"]
[WhiteElo "2211"]
[BlackElo "2191"]
[Annotator "TA"]
[PlyCount "49"]
[EventDate "2020.10.20"]
[EventType "swiss"]
[EventRounds "7"]
[EventCountry "GER"]
[SourceTitle "playchess.com"]
[Source "ChessBase"]
[SourceQuality "1"]

{[%evp 9,49,10,20,17,18,8,39,19,21,15,31,14,18,0,37,51,135,87,97,61,72,64,59,35,37,31,43,46,61,0,0,0,0,0,0,0,0,0,0,0,0,0]} 1. e4 c5 2. Nf3 e6 3. c4 Nc6 4. Nc3 e5 5. d3 g6 6. Nd5 {B40: Sicilian: 2...e6, Unusual lines.} Bg7 7. Be2 {[#]} h6 $146 ({Predecessor:} 7... d6 8. a3 Nge7 9. b4 O-O 10. bxc5 dxc5 11. Rb1 b6 12. O-O h6 13. Bd2 Rb8 {0-1 (71) Ninov,N (2512)-Nikolov,M (2550) Peristeri 2010}) 8. a3 {White is slightly better.} Nge7 9. b4 b6 10. Bd2 O-O 11. h4 f5 12. h5 f4 (12... g5 $14) 13. hxg6 Nxg6 14. g3 d6 15. gxf4 Nxf4 16. Bxf4 exf4 17. Rg1 Kh8 18. Qc1 Nd4 {[#] Hoping for ...Nb3.} 19. Nxd4 ({Wrong is} 19. Nxf4 $2 Nb3 $19) (19. Ra2 $14) 19... Bxd4 $11 {The position is equal.} 20. Ra2 Bxf2+ 21. Kxf2 {White wants to mate with Qb2+.} Qh4+ 22. Kf3 Qh3+ 23. Kf2 {[#] Threatening mate with Qc3+.} Qh4+ 24. Kf3 {Qc3+ is the strong threat.} Qh3+ 25. Kf2 {Av CentiPawn Loss W=-12/B=-11. Weighted=-10/-11} 1/2-1/2

[Event "GER-ch Youth U18 2020"]
[Site "Willingen"]
[Date "2020.10.23"]
[Round "5.9"]
[White "Woelk, Tom-Frederic"]
[Black "Wong, Gengchun"]
[Result "1-0"]
[WhiteElo "2253"]
[BlackElo "2120"]
[Annotator "TA"]
[PlyCount "51"]
[EventDate "2020.10.20"]
[EventType "swiss"]
[EventRounds "7"]
[EventCountry "GER"]
[SourceTitle "playchess.com"]
[Source "ChessBase"]
[SourceQuality "1"]

{[%evp 16,51,20,17,23,14,14,16,16,6,16,0,16,16,106,43,30,43,37,48,89,100,56,75,77,14,319,106,395,397,465,401,421,450,450,427,447,443]} 1. d4 Nf6 2. c4 g6 3. Nc3 d5 4. cxd5 Nxd5 5. e4 Nxc3 6. bxc3 Bg7 7. Bb5+ c6 8. Ba4 b5 9. Bb3 Bb7 {D85: Exchange Grünfeld: Unusual White 7th moves and lines with 7 Nf3.} 10. Qf3 e6 $1 {[#]} 11. h4 $146 ({Predecessor:} 11. e5 Qc7 12. Ne2 c5 13. Qh3 Nc6 14. O-O O-O 15. Bh6 b4 16. Bxg7 Kxg7 17. Rfc1 {0-1 (36) Ionov,S (2490)-Orlov,V (2430) St Petersburg 1996}) 11... c5 {The position is equal.} 12. Bg5 (12. dxc5 Nd7 $15) 12... Qa5 13. Ne2 cxd4 {White must now prevent ...Nd7.} 14. Bf6 O-O (14... Bxf6 $11 15. Qxf6 {[%mdl 64] Double Attack} O-O) 15. h5 (15. Bxg7 $16 Kxg7 16. h5) 15... Bxf6 $14 16. Qxf6 Qd8 17. Qf3 {And now hxg6 would win.} dxc3 18. hxg6 fxg6 19. Qh3 {[%csl Gh1][%cal Rh3h7] [#]} Qe7 20. Nd4 ({Don't play} 20. Qxe6+ Qxe6 21. Bxe6+ Kg7 $15) (20. Bxe6+ $16 Kh8 21. Qxc3+ (21. Nxc3 Na6 $11) 21... Qg7 22. f3) 20... Bxe4 $2 {[%mdl 8192]} (20... a5 $1 $11 {and Black stays safe.}) 21. Nxe6 $2 $40 {[%mdl 128] White goes for the king.} (21. Qxe6+ $18 {is the precise move to win.} Qxe6 22. Nxe6) 21... Rf7 $2 {[%mdl 8192]} (21... Bf5 $16 {is a better defense.} 22. Qe3 (22. Qxh7+ Qxh7 23. Nxf8+ Qf7 $11) 22... Bxe6 23. Bxe6+ Kh8) 22. Qe3 $18 (22. Qxc3 Nd7 $18) 22... Bxg2 23. Rg1 Bc6 24. Ng5 {[%mdl 64] [#] White wants to mate with Qxe7. Pin, Discovered Attack. White is clearly winning.} Qxe3+ 25. fxe3 Be8 26. Rf1 {[%mdl 64] Pin. Av CentiPawn Loss W=-22/B=-47. Weighted=-34/-57} ({Weaker is} 26. Bxf7+ Bxf7 27. Nxf7 Kxf7 $14) 1-0

[Event "GER-ch Youth U18 2020"]
[Site "Willingen"]
[Date "2020.10.23"]
[Round "5.10"]
[White "Matthes, Aaron"]
[Black "Tschernatsch, Johannes"]
[Result "1/2-1/2"]
[WhiteElo "2198"]
[BlackElo "2251"]
[Annotator "TA"]
[PlyCount "49"]
[EventDate "2020.10.20"]
[EventType "swiss"]
[EventRounds "7"]
[EventCountry "GER"]
[SourceTitle "playchess.com"]
[Source "ChessBase"]
[SourceQuality "1"]

{[%evp 19,49,13,24,-8,0,0,0,-6,-5,-2,-5,0,0,0,0,0,-4,0,0,0,0,0,0,0,0,0,0,0,0,0,0,0]} 1. d4 g6 2. c4 Nf6 3. Nc3 d5 4. cxd5 Nxd5 5. e4 Nxc3 6. bxc3 Bg7 7. Bc4 c5 8. Ne2 O-O 9. O-O Nc6 10. Be3 b6 {now supersedes 10...Qc7.} 11. Bd5 {D87: Exchange Grünfeld: Classical Line: Variations without ...cxd4.} Bb7 {The position is equal.} 12. dxc5 e6 {[#]} 13. Bxc6 $146 ({Predecessor:} 13. Bb3 Qc7 14. cxb6 axb6 15. Qc2 b5 16. Rac1 Na5 17. Nd4 Nxb3 18. axb3 Be5 19. g3 {½-½ (42) Wiesbeck,F (1923)-Abraham,H (1469) Seefeld 2004}) 13... Bxc6 14. f3 Bb5 {[#] Threatens to win with ...Qxd1.} 15. Re1 bxc5 16. Bxc5 {Black must now prevent Nd4.} Qxd1 17. Raxd1 Rfc8 18. Bd4 Bxd4+ 19. Nxd4 Bc4 20. Rd2 e5 21. Ne2 Rab8 22. Ng3 Rb5 23. Nf1 Bxf1 24. Kxf1 Rxc3 25. Kf2 {A rather calm draw. Av CentiPawn Loss W=-1/B=0. Weighted=-2/0} 1/2-1/2

[Event "GER-ch Youth U18 2020"]
[Site "Willingen"]
[Date "2020.10.23"]
[Round "5.11"]
[White "Lesny, Florian"]
[Black "Bosselmann, Tom Linus"]
[Result "1/2-1/2"]
[WhiteElo "2178"]
[BlackElo "2054"]
[Annotator "TA"]
[PlyCount "41"]
[EventDate "2020.10.20"]
[EventType "swiss"]
[EventRounds "7"]
[EventCountry "GER"]
[SourceTitle "playchess.com"]
[Source "ChessBase"]
[SourceQuality "1"]

{[%evp 23,41,27,33,0,0,0,0,0,18,0,27,27,12,20,27,16,47,25,47,-19]} 1. e4 c5 2. Nf3 d6 3. d4 cxd4 4. Nxd4 Nf6 5. Nc3 a6 6. Be3 e5 7. Nb3 Be6 8. f3 Be7 9. Qd2 O-O 10. O-O-O Nbd7 11. g4 b5 12. g5 b4 {12...Nh5 might become the main line.} 13. gxf6 {B90: Sicilian Najdorf: Unusual White 6th moves, 6 Be3 Ng4 and 6 Be3 e5.} (13. Ne2 {is more complex.} Ne8 14. f4 a5 15. f5 a4 16. Nbd4) 13... bxc3 14. Qxc3 Nxf6 15. Na5 {The position is equal.} Qd7 16. Nc6 Rfc8 17. Nxe7+ Qxe7 18. Qa5 Ne8 {[#]} 19. Rg1 $146 ({Predecessor:} 19. b3 f5 20. Rg1 f4 21. Bf2 Qb7 22. Rd2 Rc6 23. h4 Rac8 24. Be2 Nf6 25. Kb1 Nh5 26. Rgd1 Qe7 27. Bd3 Nf6 28. Bf1 Ne8 29. c4 h6 30. Ka1 {½-½ (30) Siigur,J (2530)-Muzyka,N (2479) ICCF email 2007}) 19... Qb7 20. Rg2 ({But not} 20. Qb6 Qxb6 21. Bxb6 Bxa2 $15) 20... Rab8 21. Qa3 ({White should play} 21. b3 $14) 1/2-1/2

[Event "GER-ch Youth U18 2020"]
[Site "Willingen"]
[Date "2020.10.23"]
[Round "5.12"]
[White "Lange, Jannis"]
[Black "Papadopoulos, Ioannis"]
[Result "1/2-1/2"]
[WhiteElo "2126"]
[BlackElo "2186"]
[Annotator "TA"]
[PlyCount "104"]
[EventDate "2020.10.20"]
[EventType "swiss"]
[EventRounds "7"]
[EventCountry "GER"]
[SourceTitle "playchess.com"]
[Source "ChessBase"]
[SourceQuality "1"]

{[%evp 10,104,29,10,18,14,16,16,20,17,16,20,23,0,0,-7,31,20,18,12,34,12,5,0,0,2,0,-16,-12,-15,-8,-14,0,0,19,4,16,0,11,-11,-7,0,0,-9,-7,-7,0,0,0,0,0,-5,64,-124,-133,-138,0,-456,-447,-461,-460,-617,-561,-547,-366,-518,-359,-351,-296,-543,-530,-492,-512,-519,-504,-694,-691,-740,-729,-715,-615,-1352,-1098,-916,0,0,0,0,0,0,0,0,0,0,0,0,0]} 1. e4 c5 2. Nf3 d6 3. Bb5+ Bd7 4. Bxd7+ Nxd7 5. O-O Ngf6 6. Re1 Rc8 {B52: Sicilian: Moscow Variation with 3...Bd7.} 7. c3 e6 8. d4 cxd4 9. cxd4 Be7 10. Nc3 O-O 11. Qe2 Nb6 12. Bf4 {[#]} Nh5 $146 ({Predecessor:} 12... Nc4 13. Rad1 Qa5 14. Rd3 Qa6 15. b3 Nb2 16. Re3 e5 17. dxe5 dxe5 18. Bxe5 Ba3 19. Qxa6 bxa6 {1-0 (43) Sedina,E (2299)-Trisha,K (2193) chess.com INT 2020}) 13. Bd2 Nc4 14. Bc1 Qa5 15. Nd2 Nf4 16. Qf3 (16. Qf1 {is interesting.} Nxd2 17. Bxd2 Ng6 18. Qe2 Bf6 19. Be3) 16... Ng6 17. Nxc4 Rxc4 18. Qd3 Rfc8 19. Be3 Bf6 20. Red1 Qb4 21. Rab1 h6 22. a3 Qa5 $1 23. Qe2 Bg5 24. g3 Bxe3 25. Qxe3 b5 26. Ne2 Nf8 27. Rbc1 Nd7 28. b3 Rc2 29. Rxc2 Rxc2 30. Rc1 Ra2 (30... Qc7 $11) 31. Qc3 $2 (31. Rc8+ $1 $14 Kh7 32. Nc3 Ra1+ 33. Kg2) 31... Qxa3 $17 32. Qc8+ Nf8 ({Black should play} 32... Kh7 $1 $17 33. Nf4 Nb6) 33. Nf4 $2 {[%mdl 8192] [#]} (33. Rc7 $1 $11 {and White is okay.} Rxe2 {[#]} 34. Qe8 $1 {[%mdl 512]} Qa1+ 35. Kg2 $1 {[%mdl 512]}) 33... Qb2 $1 $19 34. Nh3 Qxd4 35. Qa8 {intending Rc8.} Ra1 36. Rxa1 Qxa1+ 37. Kg2 g5 38. Qc6 Qe5 39. f3 $2 (39. Ng1 {was called for.}) 39... Qb2+ 40. Nf2 Qxb3 41. Qxd6 Qb2 42. Kg1 b4 43. Ng4 b3 44. e5 Qb1+ 45. Kg2 Qc2+ 46. Kh3 b2 $2 ({Black should try} 46... Nh7 $19 47. Ne3 Qc3 48. Qd8+ Kg7) 47. Nf6+ $1 $11 {The position is equal.} Kg7 48. Ne8+ Kg6 (48... Kg8 $5 49. Nf6+ $8 Kg7 50. Nh5+ Kh7 51. Qxf8 Qf5+ {[%mdl 64] Double Attack} 52. Kg2 Qc2+ 53. Kh3 Qf5+ {[%mdl 64] Double Attack} 54. Kg2 Qc2+ 55. Kh3 $11) 49. Qxf8 Qf5+ {[%mdl 64] Double Attack} 50. Kg2 {Intending g4 and mate.} Qc2+ ({Worse is} 50... b1=Q 51. Qg8+ Kh5 52. Nf6+ Qxf6 53. exf6 Qg6 54. g4+ Kh4 55. Qxg6 fxg6 56. f7) 51. Kh3 {Qg7+ would kill now.} Qf5+ {[%mdl 64] Double Attack} 52. Kg2 {White wants to mate with g4.} Qc2+ {Black had all chances to win. Av CentiPawn Loss W=-46/B=-41. Weighted=-41/-27} ({Inferior is} 52... b1=Q 53. Qg8+ Kh5 54. Nf6+ Qxf6 55. exf6 Qg6 56. g4+ Kh4 57. Qxg6 fxg6 58. f7) 1/2-1/2

[Event "GER-ch Youth U18 2020"]
[Site "Willingen"]
[Date "2020.10.23"]
[Round "5.13"]
[White "Besancon, Pascal"]
[Black "Vogt, Dustin"]
[Result "1/2-1/2"]
[WhiteElo "1915"]
[BlackElo "1829"]
[Annotator "TA"]
[PlyCount "114"]
[EventDate "2020.10.20"]
[EventType "swiss"]
[EventRounds "7"]
[EventCountry "GER"]
[SourceTitle "playchess.com"]
[Source "ChessBase"]
[SourceQuality "1"]

{[%evp 12,114,27,-14,-8,-16,-12,-25,-20,-16,-25,-18,0,-45,55,-78,-89,-72,-83,-89,-81,-62,-78,-78,-27,-24,62,4,0,4,26,27,59,53,84,79,100,70,78,63,51,0,13,0,0,0,5,0,0,0,0,0,0,0,0,-203,-205,-189,-189,-184,-131,-124,-56,-65,-70,-62,-18,-283,-252,-313,-277,-388,-187,-554,-523,-547,-525,-687,-672,-1357,-962,-1145,0,-536,-362,-362,-362,-362,-362,-362,-362,-362,-362,-362,-362,-362,-362,-362,-362,-362,0,-362,-362,-362,29990]} 1. e4 c5 2. Nc3 Nc6 3. Nge2 g6 4. g3 Bg7 5. Bg2 d6 6. d3 e5 7. Be3 Nge7 {B26: Closed Sicilian: 3 g3, lines with early Be3.} 8. h4 h5 9. Qd2 Rb8 {Black has an edge.} 10. O-O {[#]} b5 $146 ({Predecessor:} 10... b6 11. Kh2 Be6 12. Bg5 f6 13. Be3 O-O 14. f4 Nd4 15. Rf2 b5 16. Nd1 Bg4 {0-1 (31) Bodemar,J (1685)-Wiwatanadate,P (2031) Bangkok 2020}) 11. Nd1 Nd4 12. Nc1 Bh3 ({Better is} 12... O-O $15) 13. c3 (13. Bxd4 $1 $14 {stays ahead.} Bxg2 14. Bxe5 Bxe5 15. Kxg2) 13... Bxg2 $17 14. Kxg2 Ne6 15. Ne2 f5 16. f3 O-O 17. Nf2 Rf7 (17... d5 $17 {Hoping for ...f4!} 18. Bg5 Nxg5 19. Qxg5 Kh7) 18. Nh3 $11 Qf8 (18... Nc6 $11) 19. Ng5 ({White should try} 19. d4 $1 $14) 19... Nxg5 20. Bxg5 Kh7 21. Ng1 Ng8 22. Nh3 Rfb7 23. f4 b4 24. c4 Nh6 25. Bxh6 Bxh6 26. b3 (26. exf5 $14 Qxf5 27. Ng5+ Bxg5 28. fxg5) 26... Rf7 27. Rf3 Qg7 28. Raf1 Rbf8 29. Qf2 Kg8 30. Ng5 Bxg5 31. hxg5 exf4 32. gxf4 Qc3 33. Kg3 $2 (33. Rd1 $11 Qg7 34. Re1) 33... fxe4 $19 34. dxe4 Rxf4 $1 35. Rxc3 Rxf2 ({Black should play} 35... Rg4+ $19 36. Kh3 Rxf2) 36. Rxf2 $17 Rxf2 $19 {[%mdl 4096] Endgame KR-KR} (36... bxc3 $17 37. Rc2 Rf1) 37. Rd3 $15 Rxa2 38. Rxd6 Kf7 {aiming for ...Ra3.} 39. Rc6 $2 {[%mdl 8192] [#]} (39. Rf6+ $11 {and White stays safe.} Kg7 40. e5) 39... Ra3 $1 $19 40. Rxc5 Rxb3+ 41. Kf4 (41. Kg2 {was necessary.}) 41... Ra3 (41... Rc3 $142 {...b3 is the strong threat.} 42. Rc7+ Ke8) 42. Ke5 $2 (42. Rc7+ Ke8 43. e5) 42... h4 43. Rc7+ {[#]} Ke8 $1 44. Rc8+ Kd7 45. Rh8 h3 46. c5 b3 $2 (46... Rd3 $19 47. c6+ Kc7 48. Rh7+ Kxc6) 47. Rxh3 $2 {[%mdl 8192] [#]} (47. Kd5 $1 $11 {and White has nothing to worry.}) 47... b2 $1 {[%mdl 512]} 48. Rxa3 b1=Q 49. Rxa7+ {KQ-KR} Kc6 50. Ra6+ Kxc5 {Strongly threatening ...Qb2+.} 51. Rxg6 Qb8+ 52. Kf5 Kd4 {( -> ...Qe5+)} 53. Re6 Qf8+ 54. Kg6 Qg8+ 55. Kf6 Qf8+ 56. Kg6 Qf4 57. Re8 Qf8 $4 {[%mdl 40960] What a bad dream for Black. Av CentiPawn Loss W=-65/B=-67. Weighted=-74/-113. An unexpected result.} (57... Qc1 $19 58. Re6 Qf4) 1/2-1/2

[Event "GER-ch Youth U18 2020"]
[Site "Willingen"]
[Date "2020.10.23"]
[Round "6.1"]
[White "Wachinger, Nikolas"]
[Black "Stork, Oliver"]
[Result "0-1"]
[WhiteElo "2334"]
[BlackElo "2371"]
[Annotator "TA"]
[PlyCount "167"]
[EventDate "2020.10.20"]
[EventType "swiss"]
[EventRounds "7"]
[EventCountry "GER"]
[SourceTitle "playchess.com"]
[Source "ChessBase"]
[SourceQuality "1"]

{[%evp 16,167,33,41,60,60,55,44,47,52,18,29,60,41,91,90,89,86,77,51,56,43,87,73,67,68,78,16,91,68,82,84,109,114,139,85,144,10,10,10,9,4,6,0,19,9,13,9,17,17,17,8,17,17,17,17,17,17,17,17,17,17,17,17,20,20,27,27,20,20,20,13,27,27,27,14,34,14,17,15,15,0,52,0,52,52,52,52,52,14,52,0,52,0,52,0,0,0,52,52,52,14,34,0,0,-32,8,8,8,0,24,3,8,-62,-51,-119,-120,-131,0,0,0,-131,-131,-141,-141,-344,-189,-194,-189,-363,-352,-398,-364,-405,-403,-414,-414,-450,-428,-644,-622,-1262,-1237,-5956,-5949,-29979,-29980,-29980,-29981,-29981,-29982,-29987,-29988,-29991]} 1. e4 e5 2. Nf3 Nc6 3. Bb5 a6 4. Ba4 b5 5. Bb3 Na5 6. O-O d6 7. d4 exd4 {The main line 7...exd4 scores better than 7...Nxb3.} 8. Nxd4 Bb7 9. c4 Nxb3 {C70: Ruy Lopez: 3...a6 4 Ba4, Norwegian and Delayed Schliemann.} 10. Qxb3 c5 11. Nf5 g6 {White is slightly better.} 12. Ne3 {[#]} Bg7 $146 ({Predecessor:} 12... b4 13. a3 a5 14. Nc3 Nf6 15. f3 Bg7 16. Qa4+ Nd7 17. Nb5 Nb6 18. Nxd6+ Ke7 19. Nxb7 Nxa4 20. Nxd8 Rhxd8 21. axb4 axb4 {0-1 (50) Wikman,N-Wikman,R corr 1971}) 13. cxb5 Ne7 14. Nc3 O-O 15. Rd1 axb5 16. Nxb5 Ra6 17. Nc4 {[%cal Rc4d6]} d5 18. exd5 Nxd5 19. Ncd6 $36 {[%mdl 2048] White is on the roll.} c4 20. Nxc4 Qa8 21. Be3 (21. Ncd6 $16 Bc6 22. a4) 21... Rb8 (21... Bc6 $1 $11 {keeps the balance.}) 22. a4 Bc6 23. Ncd6 $1 Bf8 {Strongly threatening ...Bxd6.} 24. Qc4 {Black must now prevent Nc7!} Bxd6 25. Nxd6 Rxb2 (25... Rb4 $142 26. Qe2 Nxe3 27. Qxe3 (27. fxe3 Rbxa4 28. Rac1 Qa7 $16) 27... Rbxa4 28. Rxa4 Bxa4) 26. Bh6 (26. a5 $1 $16) 26... Rxa4 $11 27. Rxa4 Qxa4 28. Qxa4 Bxa4 29. Rc1 {Intending Rc8+ and mate.} (29. Ra1 {is interesting.} Rb4 30. Rc1 Bd7 31. f3 Rh4 32. Bg5) 29... Rb8 30. g4 Nf6 31. f3 Bd7 32. Rc7 Be6 33. Kg2 Ne8 34. Nxe8 Rxe8 {[%mdl 4096] Endgame KRB-KRB} 35. Kg3 Rc8 36. Ra7 Rc3 37. Kh4 Rc5 38. Re7 {[%cal Re7e8]} Rc8 39. Kg5 Bb3 40. f4 Rc5+ 41. f5 {[%cal Re7e8]} Rc8 42. f6 Be6 43. h4 Bb3 44. h5 Bc2 45. Kf4 Bb1 46. Ke5 Bc2 47. Kd6 Ra8 48. Be3 Bd3 (48... gxh5 $11 49. gxh5 Ra6+ 50. Ke5 h6) 49. Kc7 (49. h6 $14) 49... Bc2 (49... gxh5 $11 50. Kb7 (50. gxh5 h6 $14) 50... Rd8) 50. Kb7 $14 Rd8 51. Bb6 Rf8 52. Bc5 Rd8 53. Re3 (53. Kc7 $14 Ra8 54. h6) 53... Bb1 (53... h6 $11) 54. Be7 ({Better is} 54. Kc7 $14 Ra8 55. h6) 54... Re8 (54... Rd4 $11) 55. Ra3 (55. h6 $14) 55... Be4+ 56. Kc7 Ra8 (56... gxh5 $11 57. gxh5 h6) 57. Re3 Bd5 58. hxg6 fxg6 59. Bd8 Bf7 60. Rd3 Ra4 61. g5 Rc4+ 62. Kb7 Rb4+ 63. Kc6 Rc4+ 64. Kb5 (64. Kd7 $11) 64... Rg4 $15 {Threatens to win with ...Bc4+.} 65. Kb6 (65. Kc6 $15) 65... Rxg5 $17 66. Bc7 {White wants to play Rd8+.} Be8 ({Black should try} 66... Be6 $1 $17 67. Ra3 Rf5) 67. Re3 $11 Bf7 (67... Ba4 $11) 68. Rd3 $1 $17 {[%cal Rd3d8] Black should prevent Rd8+.} Be6 $1 69. Kc6 Rf5 70. Rd8+ {Now White is beyond hope.} Kf7 71. Rh8 {[#]} Rh5 $1 ({Not} 71... Kxf6 72. Rxh7 Rd5 73. Rh1 $11) 72. Bd8 $2 {[#]} (72. Rb8 {might work better.}) 72... g5 $1 $19 73. Be7 g4 74. Kd6 {aiming for Rf8+.} Bb3 {And now ...g3 would win.} 75. Rb8 Rd5+ 76. Kc6 Rd3 77. Rb4 (77. Rd8 $142 Rf3 78. Bc5) 77... h5 78. Kb6 Be6 79. Rb5 Rb3 80. Rxb3 Bxb3 {Black mates.} 81. Kc5 h4 82. Kd4 g3 83. Ke3 h3 84. Kd4 {Av CentiPawn Loss W=-57/B=-14. Weighted=-47/-16} 0-1